000 00646nam a22002537a 4500
001 0187
003 DO-SdBNP
005 20180202142635.0
007 0187
008 151005b 200 1981 sp 00| 0 spa d
020 _a8401370809
040 _aBPMSU
_bspa
_cBPMSU
092 _aXXXX
_bXXXX
100 1 _aBriskin, Jacqueline
240 1 0 _aPaloverde
245 1 0 _aPaloverde /
_cJacqueline Briskin ; traducción Adolfo Martin
260 _aBarcelona :
_bPlaza & Janes,
_c1981.
300 _a468 p :
_c24 cm.
700 1 2 _aMartin, Adolfo
_etrad.
910 _a144
942 _2ddc
_cBK
945 _aInventariado, 2018 / BT
956 _aYngrid Lockward
999 _c9309
_d9309